Spojitá aproximácia rozdelenia celkovej škody
Enregistré dans:
| Auteur principal: | |
|---|---|
| Format: | Chapitre de livre |
| Langue: | slovaque |
| Tags: |
Pas de tags, Soyez le premier à ajouter un tag!
|
MARC
| LEADER | 00000nla$a2200000$$$4500 | ||
|---|---|---|---|
| 001 | 0115662 | ||
| 005 | 20240502072304.5 | ||
| 041 | 0 | |a slo | |
| 044 | |a SK | ||
| 245 | 1 | 0 | |a Spojitá aproximácia rozdelenia celkovej škody |c Michal Páleš |
| 500 | |a Abstrakty | ||
| 100 | 1 | |a Páleš, Michal, 1984- | |